Pedro Pascal Movies by Picture (Click) - Statistics

General Stats
  • This quiz has been taken 203 times
  • The average score is 9 of 16
Answer Stats
Hint Answer % Correct
Gladiator II
95%
The Mandalorian
91%
Wonder Woman 1984
79%
The Last of Us
78%
Kingsman: The Golden Circle
66%
We Can Be Heroes
60%
The Great Wall
58%
Game of Thrones
56%
The Unbearable Weight of Massive Talent
51%
Narcos
43%
Triple Frontier
41%
Freaky Tales
40%
Drive-Away Dolls
39%
Prospect
31%
If Beale Street Could Talk
29%
The Uninvited
29%
No matching quizzes found
Score Distribution
Percent of People with Each Score
Percentile by Number Answered
Your Score History
You have not taken this quiz